Somewhere Inside : (Record no. 22090)

MARC details
000 -LEADER
fixed length control field 00546nam a22001937a 4500
003 - CONTROL NUMBER IDENTIFIER
control field IBSLLIB
005 - DATE AND TIME OF LATEST TRANSACTION
control field 20260515075828.0
008 - FIXED-LENGTH DATA ELEMENTS--GENERAL INFORMATION
fixed length control field 260509b |||||||| |||| 00| 0 eng d
020 ## - INTERNATIONAL STANDARD BOOK NUMBER
International Standard Book Number 9780062000675
040 ## - CATALOGING SOURCE
Original cataloging agency IBSLLIB
Language of cataloging English
041 ## - LANGUAGE CODE
Language code of original Eng
082 ## - DEWEY DECIMAL CLASSIFICATION NUMBER
Classification number 823
Item number LIN
100 ## - MAIN ENTRY--PERSONAL NAME
Personal name Ling , Laura
245 ## - TITLE STATEMENT
Title Somewhere Inside :
Remainder of title One Sister's Captivity In North Korea And The Other's Fight To Bring Her Home
260 ## - PUBLICATION, DISTRIBUTION, ETC. (IMPRINT)
Place of publication, distribution, etc. New York :
Name of publisher, distributor, etc. HarperCollins ,
Date of publication, distribution, etc. 1976
300 ## - PHYSICAL DESCRIPTION
Extent 322 p ;
Other physical details 24 cm
700 ## - ADDED ENTRY--PERSONAL NAME
Personal name Ling , Lisa
Relator term Co-Author
942 ## - ADDED ENTRY ELEMENTS (KOHA)
Koha item type Lending Book
Holdings
Withdrawn status Lost status Damaged status Not for loan Permanent Location Current Location Shelving location Date acquired Source of acquisition Inventory number Full call number Barcode Koha item type
        IBSL Library IBSL Library Lending Section 30/04/2026 Donation 10886 823 LIN 10886 Lending Book
Copyright © 2024 IBSL Library, All rights reserved.
mail to: library@ibsl.lk | Contact: 0112425735 | Library Address: IBSL Library, 80A, Elvitigala Mawatha, Colombo 008